000
00341 a2200157 4500
001
194539
020
_a
85-10-01894-4
040
_c
Magnum
100
_a
Conceil Corrêa da Silva
240
1
0
_a
Mirradinho
_l
por
245
1
0
_a
Mirradinho
300
_a
26
362
0
_a
1995
697
_a
LÍNGUA - LINGÜÍSTICA - LITERATURA
942
_c
BK
999
_c
194539
_d
194539